Poesías completas
Guardat en:
| Autor principal: | |
|---|---|
| Format: | Llibre |
| Idioma: | espanyol |
| Publicat: |
Buenos Aires
Sopena
1952
|
| Col·lecció: | Biblioteca Mundial Sopena
|
| Matèries: | |
| Etiquetes: |
Afegir etiqueta
Sense etiquetes, Sigues el primer a etiquetar aquest registre!
|
MARC
| LEADER | 00000nam a2200000 a 4500 | ||
|---|---|---|---|
| 001 | UCT6602 | ||
| 003 | CL-VaPUC | ||
| 008 | 970113e19520000AG |||||||||||||||||spa|d | ||
| 082 | 0 | 4 | |a Me861 |b NER |2 21 |
| 100 | |a Nervo, Amado |e autor |9 313721 | ||
| 245 | 1 | 0 | |a Poesías completas |
| 300 | |a v | ||
| 942 | |c BK | ||
| 945 | |d 19970113 00:00:00 |a rleighto | ||
| 260 | |a Buenos Aires |b Sopena |c 1952 | ||
| 500 | |a v.2: Elevación, en voz baja, los jardines interiores, las voces, el estanque de los lotos, plenitud, poesías juveniles, últimas poesías, poesías varias | ||
| 650 | 7 | |a POESIAS MEXICANAS |2 CL-VaPUC |9 314784 | |
| 583 | |a last modification |c 19970113 00:00:00 |k Rodrigo Vera | ||
| 490 | 0 | |a Biblioteca Mundial Sopena | |
| 999 | |c 255290 |d 255288 | ||
| 952 | |0 0 |1 0 |4 0 |6 ME_861_000000000000000_NER_1952 |7 0 |8 A |9 277481 |a BIBEDU |b BIBEDU |d 2019-11-19 |h v.2 |i 3267075 |o Me861 NER 1952 |p 3267075 |r 2019-11-19 |w 2019-11-19 |y BK |k LIT | ||